Statistics for Countries Closest to Vatican City - 15 Second Sprint

Click here to take the quiz!

General Stats

  • This quiz has been taken 40 times
  • The average score is 5 of 20

Answer Stats

country% Correct
1Italy
97%
3France
71%
2San Marino
65%
20Macedonia & Malta, tied
52%
7Monaco
35%
9Switzerland
35%
10Austria
23%
16Germany
19%
6Slovenia
19%
4Croatia
13%
12Albania
10%
5Bosnia and Herzegovina
10%
19Algeria
6%
17Greece
6%
15Liechtenstein
6%
8Montenegro
6%
13Serbia
6%
14Hungary
3%
11Tunisia
3%
18Kosovo
0%

Score Distribution

Percentile by Number Answered

Percent of People with Each Score

Your Score History

You have not taken this quiz